000 00756cab a2200241 4500
001 WB3006-38
008 090401t1994 xxu||||| |||| 00| 0 eng d
035 _a(Sirsi) u67138
041 _aeng
245 _aHunting bans illegal
260 _c1994
350 _a0
490 _aIndependent
_v10 February 1994, 1(1)
520 _aThe High Court has ruled that Somerset CC`s ban on stag hunting on council land is illegal. First in a series of legal challenges to hunting bans by county councils.
650 _aBRITISH FIELD SPORTS SOCIETY
650 _aHUNTING
650 _aLEAGUE AGAINST CRUEL SPORTS
650 _aLOCAL AUTHORITIES
650 _aLOCAL GOVERNMENT ACT 1972
690 _aRURAL PRACTICE
942 _n0
948 _c04/03/1997
999 _c42008
_d42008